MARC details
| 000 -LEADER |
| fixed length control field |
01938nam a2200481 a 4500 |
| 001 - CONTROL NUMBER |
| control field |
55407 |
| 003 - CONTROL NUMBER IDENTIFIER |
| rucl marc code |
BD-RjUL |
| 005 - DATE AND TIME OF LATEST TRANSACTION |
| control field |
20211209080248.0 |
| 008 - FIXED-LENGTH DATA ELEMENTS--GENERAL INFORMATION |
| fixed length control field |
161117s1983 xxu ||| b ||1 | eng d |
| 035 ## - SYSTEM CONTROL NUMBER |
| System control number |
(BD-RjUL)55530 |
| 040 ## - CATALOGING SOURCE |
| Original cataloging agency |
ericd |
| Language of cataloging |
eng |
| Transcribing agency |
ericd |
| Modifying agency |
MvI |
| -- |
BD-RjUL |
| 041 ## - LANGUAGE CODE |
| Language code of text/sound track or separate title |
eng |
| 082 ## - DEWEY DECIMAL CLASSIFICATION NUMBER |
| Edition number |
23 |
| Classification number |
304.607016 |
| Author mark and year |
POP 1983 |
| 110 2# - MAIN ENTRY--CORPORATE NAME |
| Corporate name or jurisdiction name as entry element |
United Nations Educational, Scientific, and Cultural Organization, Bangkok (Thailand). Regional Office for Education in Asia and the Pacific. |
| 9 (RLIN) |
165053 |
| 245 10 - TITLE STATEMENT |
| Title |
Population Education Programme in Asia : |
| Remainder of title |
What Research Says / |
| Statement of responsibility, etc. |
Unesco |
| 260 ## - PUBLICATION, DISTRIBUTION, ETC. (IMPRINT) |
| Place of publication, distribution, etc. |
[Washington, D.C.] : |
| Name of publisher, distributor, etc. |
Distributed by ERIC Clearinghouse, |
| Date of publication, distribution, etc. |
c1983. |
| 300 ## - PHYSICAL DESCRIPTION |
| Pagination |
187 p. |
| Size |
23 cm. |
| 490 ## - SERIES STATEMENT |
| Series statement |
Abstract- bibliography series |
| Volume/sequential designation |
4 |
| 504 ## - BIBLIOGRAPHY, ETC. NOTE |
| Bibliography, etc |
Inculdes bibliography and index |
| 650 07 - SUBJECT ADDED ENTRY--TOPICAL TERM |
| Topical term or geographic name as entry element |
Classroom Research. |
| Source of heading or term |
ericd |
| 9 (RLIN) |
165039 |
|
| Topical term or geographic name as entry element |
Classroom Techniques. |
| Source of heading or term |
ericd |
| 9 (RLIN) |
165040 |
|
| Topical term or geographic name as entry element |
Curriculum Development. |
| Source of heading or term |
ericd |
| 9 (RLIN) |
157415 |
|
| Topical term or geographic name as entry element |
Developing Nations. |
| Source of heading or term |
ericd |
| 9 (RLIN) |
132755 |
|
| Topical term or geographic name as entry element |
Developmental Programs. |
| Source of heading or term |
ericd |
| 9 (RLIN) |
165041 |
|
| Topical term or geographic name as entry element |
Elementary Secondary Education. |
| Source of heading or term |
ericd |
| 9 (RLIN) |
141932 |
|
| Topical term or geographic name as entry element |
Evaluation Methods. |
| Source of heading or term |
ericd |
| 9 (RLIN) |
165042 |
|
| Topical term or geographic name as entry element |
Foreign Countries. |
| Source of heading or term |
ericd |
| 9 (RLIN) |
165043 |
|
| Topical term or geographic name as entry element |
Higher Education. |
| Source of heading or term |
ericd |
| 9 (RLIN) |
165044 |
|
| Topical term or geographic name as entry element |
Instructional Materials. |
| Source of heading or term |
ericd |
| 9 (RLIN) |
165045 |
|
| Topical term or geographic name as entry element |
Parent Attitudes. |
| Source of heading or term |
ericd |
| 9 (RLIN) |
165046 |
|
| Topical term or geographic name as entry element |
Personnel Evaluation. |
| Source of heading or term |
ericd |
| 9 (RLIN) |
165047 |
|
| Topical term or geographic name as entry element |
Population Education. |
| Source of heading or term |
ericd |
| 9 (RLIN) |
165048 |
|
| Topical term or geographic name as entry element |
Program Evaluation. |
| Source of heading or term |
ericd |
| 9 (RLIN) |
165049 |
|
| Topical term or geographic name as entry element |
Research Methodology. |
| Source of heading or term |
ericd |
| 9 (RLIN) |
165050 |
|
| Topical term or geographic name as entry element |
Social Science Research. |
| Source of heading or term |
ericd |
| 9 (RLIN) |
149962 |
|
| Topical term or geographic name as entry element |
Student Attitudes. |
| Source of heading or term |
ericd |
| 9 (RLIN) |
149531 |
|
| Topical term or geographic name as entry element |
Teacher Attitudes. |
| Source of heading or term |
ericd |
| 9 (RLIN) |
165051 |
|
| Topical term or geographic name as entry element |
Teacher Education. |
| Source of heading or term |
ericd |
| 9 (RLIN) |
141936 |
|
| Topical term or geographic name as entry element |
Teaching Methods. |
| Source of heading or term |
ericd |
| 9 (RLIN) |
149197 |
| 653 1# - INDEX TERM--UNCONTROLLED |
| Uncontrolled term |
Asia |
| 942 ## - ADDED ENTRY ELEMENTS (KOHA) |
| Source of classification or shelving scheme |
Dewey Decimal Classification |
| Koha item type |
Books |